| 000 | 00537cam a2200145 4500500 | ||
|---|---|---|---|
| 005 | 20260111093421.0 | ||
| 041 | _afre | ||
| 042 | _adc | ||
| 100 | 1 | 0 |
_aMiossec, Alain _eauthor |
| 245 | 0 | 0 | _aJacqueline Chabbi, Les trois piliers de l’Islam, lecture anthropologique du Coran, Paris, Seuil, 2016, 378 p., 22 € |
| 260 | _c2016. | ||
| 500 | _a94 | ||
| 786 | 0 | _nLa Géographie | 1562 | 3 | 2016-07-01 | p. 53e-55e | 1964-9002 | |
| 856 | 4 | 1 | _uhttps://shs.cairn.info/revue-la-geographie-2016-3-page-53e?lang=fr&redirect-ssocas=7080 |
| 999 |
_c1626303 _d1626303 |
||